| Tag |
First Indicator |
Second Indicator |
Subfields |
| LEADER |
00000cgm a2200000Mi 4500 |
| 001 |
in00005589331 |
| 006 |
m o c |
| 007 |
cr |n||||||||a |
| 007 |
vz |za|z| |
| 008 |
240104s1996 nyu045 e o vneng d |
| 005 |
20241201233256.4 |
| 035 |
|
|
|a (OCoLC)on1420514305
|
| 040 |
|
|
|a ALSTP
|b eng
|e rda
|c ALSTP
|d OCLCO
|d NUI
|
| 019 |
|
|
|a 1430841893
|a 1444012591
|
| 035 |
|
|
|a (OCoLC)1420514305
|z (OCoLC)1430841893
|z (OCoLC)1444012591
|
| 043 |
|
|
|a e-it---
|
| 049 |
|
|
|a TXAM
|
| 245 |
0 |
0 |
|a In search of history.
|p Rome's lost harbor /
|c produced by Linda Fuller ; a production by Greystone Communications, Inc. for the History Channel.
|
| 246 |
1 |
0 |
|a Rome's lost harbor
|
| 264 |
|
1 |
|a New York, NY :
|b A&E Television Networks,
|c 1996.
|
| 300 |
|
|
|a 1 online resource (45 minutes)
|
| 306 |
|
|
|a 004438
|
| 336 |
|
|
|a two-dimensional moving image
|b tdi
|2 rdacontent
|
| 337 |
|
|
|a computer
|b c
|2 rdamedia
|
| 337 |
|
|
|a video
|b v
|2 rdamedia
|
| 338 |
|
|
|a online resource
|b cr
|2 rdacarrier
|
| 347 |
|
|
|a video file
|2 rdaft
|
| 490 |
0 |
|
|a In Search of History
|
| 588 |
0 |
|
|a Title from title screen (viewed January 04, 2024).
|
| 508 |
|
|
|a Director of photography, Arnaldo Catinari, Francesco Miciche ; editor, Margaret Moore.
|
| 511 |
0 |
|
|a Narrator, David Ackroyd.
|
| 520 |
|
|
|a In Search of History journeys 2,000 years from ancient times to the present, taking a closer look at the events, places, and hidden mysteries that have puzzled and inspired historians and experts across the ages. Episode: Rome's Lost Harbor: The Roman city of Ostia, founded in the 4th century B.C. at the mouth of the Tiber, was once a vital harbor town and important port. Today, Ostia is covered in sand.
|
| 546 |
|
|
|a In English.
|
| 651 |
|
0 |
|a Ostia (Extinct city)
|
| 650 |
|
0 |
|a Excavations (Archaeology)
|z Italy
|z Ostia (Extinct city)
|
| 651 |
|
6 |
|a Ostie (Ville ancienne)
|
| 650 |
|
6 |
|a Fouilles (Archéologie)
|z Italie
|z Ostie (Ville ancienne)
|
| 655 |
|
7 |
|a Documentary television programs.
|2 lcgft
|
| 655 |
|
7 |
|a Documentaires télévisés.
|2 rvmgf
|
| 700 |
1 |
|
|a Fuller, Linda,
|d 1957-
|e producer.
|
| 700 |
1 |
|
|a Ackroyd, David,
|d 1940-
|e narrator.
|
| 710 |
2 |
|
|a Greystone Communications,
|e production company.
|
| 710 |
2 |
|
|a Arts and Entertainment Network,
|e publisher.
|
| 730 |
0 |
|
|i In series:
|a In search of history (Television program)
|
| 856 |
4 |
0 |
|u http://proxy.library.tamu.edu/login?url=https://www.aspresolver.com/aspresolver.asp?MARC;5512173
|z Connect to this streaming video (Alexander Street Press)
|t 0
|
| 955 |
|
|
|a Alexander Street Press subscription streaming video
|
| 994 |
|
|
|a 92
|b TXA
|
| 999 |
f |
f |
|s 9dd5dfc4-3b22-4561-9e55-1ff106714f07
|i af3b51c5-789c-4a34-861d-144498911dad
|t 0
|
| 952 |
f |
f |
|a Texas A&M University
|b College Station
|c Electronic Resources
|d Available Online
|t 0
|h Library of Congress classification
|
| 998 |
f |
f |
|t 0
|l Available Online
|